Marvel: Cover Appearances: Nick Fury Quiz Stats

 Plays Quiz not verified by Sporcle

Challenge
Share
Tweet
Embed
Score 0/57 Timer 08:00
0 Plays Today
Rank Nick Fury Characters % Correct
26.U.S. Soldiers
100%
9.Captain America (Steve Rogers)
98.8%
37.Winter Soldier ('Bucky' Barnes)
98.8%
13.Iron Man (Tony Stark)
94.7%
14.S.H.I.E.L.D. Agents
94.2%
1.Nick Fury (Unseen)
91.2%
19.Thor
91.2%
17.Hulk
91.2%
21.Black Widow (Natalia Romanova)
90.1%
15.Wolverine
88.3%
41.Hawkeye (Clint Barton)
88.3%
12.Spider-Man (Peter Parker)
86%
23.Human Torch (Johnny Storm)
85.4%
11.Thing
84.2%
22.Mister Fantastic
81.9%
27.Invisible Woman
81.9%
2.Timothy 'Dum Dum' Dugan
79.5%
8.WWII Nazi Soldiers
78.9%
40.WWII Japanese Soldiers
77.8%
20.HYDRA Agents
71.3%
29.Cyclops
69%
35.Beast
69%
18.Daredevil
68.4%
39.Red Skull (Johann Schmidt)
66.7%
31.Namor the Sub-Mariner
66.7%
47.Black Panther (T'Challa)
63.7%
30.Sharon Carter (Agent 13)
60.8%
38.She-Hulk (Jennifer Walters)
60.2%
42.Punisher
59.1%
Rank Nick Fury Characters % Correct
32.Luke Cage (Power Man)
58.5%
48.Iron Fist
56.1%
24.Doctor Strange
55.6%
57.Doctor Doom
54.3%
16.Baron von Strucker
52%
28.Captain America (Falcon)
50.3%
4.Gabriel Jones
49.1%
54.Dr. Henry Pym
45.6%
55.Deadpool
44.3%
45.Scarlet Witch
41.5%
25.Contessa Valentina Allegra de la Fontaine
37.4%
43.Iceman
37.4%
50.Vision (Victor Shade)
37.4%
44.Quake (Daisy Johnson)
35.7%
56.Adolf Hitler
35.7%
51.Angel (Archangel)
33.9%
36.Silver Surfer
33.3%
53.Captain Marvel (Carol Danvers)
32.2%
5.Isadore 'Izzy' Cohen
25.1%
7.Percival 'Pinky' Pinkerton
25.1%
6.Dino Manelli
24%
3.Robert 'Rebel' Ralston
23.4%
10.Eric Koenig
14.6%
33.'Happy' Sam Sawyer
12.9%
52.Hellfire
11.7%
34.Alexander Pierce
11.1%
46.Kate Neville
2.9%
49.Al McKenzie
2.3%

You're not logged in!

Compare scores with friends on all Sporcle quizzes.
Join for Free
OR
Log In

You Might Also Like...

Show Comments

Extras

Top Quizzes Today


Score Distribution

Your Account Isn't Verified!

In order to create a playlist on Sporcle, you need to verify the email address you used during registration. Go to your Sporcle Settings to finish the process.

Report this User

Report this user for behavior that violates our Community Guidelines.

Details: